The origin of wealth: evolution, complexity, and the radical remaking of economics
Guardat en:
| Autor principal: | |
|---|---|
| Format: | Llibre |
| Idioma: | anglès |
| Publicat: |
Boston
Harvard Business School Press
2006
|
| Matèries: | |
| Etiquetes: |
Afegir etiqueta
Sense etiquetes, Sigues el primer a etiquetar aquest registre!
|
MARC
| LEADER | 00000cam a2200000 a 4500 | ||
|---|---|---|---|
| 001 | UCF2733 | ||
| 003 | CL-VaPUC | ||
| 008 | 120910e20060000US |||||||||||||||||eng|d | ||
| 020 | |a 9781578517770 | ||
| 082 | 0 | 4 | |a 338.9 |b BEI |2 21 |
| 100 | 0 | |a Beinhocker, Eric D |e author |9 564493 | |
| 245 | 1 | 4 | |a The origin of wealth: evolution, complexity, and the radical remaking of economics |
| 300 | |a 527 p | ||
| 942 | |c BK | ||
| 945 | |d 20120910 00:00:00 |a cmena | ||
| 260 | |a Boston |b Harvard Business School Press |c 2006 | ||
| 650 | 0 | |a Desarrollo económico |9 259599 | |
| 650 | 0 | |a Historia de la economía |9 339571 | |
| 650 | 0 | |a Teoría de la administración |9 388768 | |
| 583 | |a last modification |c 20120910 11:39:00 |k Rodrigo Vera | ||
| 999 | |c 349272 |d 349270 | ||
| 952 | |0 0 |1 0 |4 0 |6 338_900000000000000_BEI_2006 |7 0 |8 A |9 451833 |a BIBING |b BIBING |d 2019-11-22 |i 4901878 |l 4 |m 1 |o 338.9 BEI 2006 |p 4901878 |r 2025-01-20 |s 2022-12-22 |w 2019-11-22 |y BK |k EII | ||
| 952 | |0 0 |1 0 |3 erd |4 0 |6 338_900000000000000_BEI_2006 |7 0 |8 A |9 451834 |a BIBING |b BIBING |i 5053323 |o 338.9 BEI 2006 |p 5053323 |r 2025-01-20 |w 2019-11-22 |y BK |z Catalogado en:20140124 |k EII | ||
| 952 | |0 0 |1 0 |3 erd |4 0 |6 338_900000000000000_BEI_2006 |7 0 |8 A |9 451835 |a BIBING |b BIBING |i 5053331 |o 338.9 BEI 2006 |p 5053331 |r 2024-01-25 |w 2019-11-22 |y BK |z Catalogado en:20140124 |k EII | ||
| 952 | |0 0 |1 0 |3 erd |4 0 |6 338_900000000000000_BEI_2006 |7 0 |8 A |9 451836 |a BIBING |b BIBING |i 505334K |o 338.9 BEI 2006 |p 505334K |r 2025-01-20 |w 2019-11-22 |y BK |z Catalogado en:20140124 |k EII | ||
| 952 | |0 0 |1 0 |3 erd |4 0 |6 338_900000000000000_BEI_2006 |7 0 |8 A |9 451837 |a BIBING |b BIBING |i 5053358 |o 338.9 BEI 2006 |p 5053358 |r 2025-01-20 |w 2019-11-22 |y BK |z Catalogado en:20140124 |k EII | ||
| 952 | |0 0 |1 0 |3 erd |4 0 |6 338_900000000000000_BEI_2006 |7 0 |8 A |9 451838 |a BIBING |b BIBING |i 5053366 |o 338.9 BEI 2006 |p 5053366 |r 2025-01-20 |w 2019-11-22 |y BK |z Catalogado en:20140124 |k EII | ||